000 00562nam a2200169Ia 4500
008 090711s9999 xx 000 0 und d
082 _b80932
100 _aधर्माधिकारी भाऊ
245 _aगांधीजी जीवनदर्श
260 _c1970
300 _a72
600 _aधर्माधिकारी भाऊ
630 _aगांधीजी जीवनदर्श
700 _aधर्माधिकारी भाऊ
730 _aगांधीजी जीवनदर्श
942 _cBOOK
999 _c321652
_d321652